000 00749nam a22001937a 4500
999 _c61065
_d61065
005 20231213144021.0
008 231213s1989 ru ||||| |||| 00| 0 rus d
020 _a5020099597
041 _arus
080 _a902.7(38) M-33
245 _aМатериальная культура /
_bВыпуск 3.
_cОтв. ред. С. А. Арутюнов.
264 _a М.
_bНаука,
_c 1989.
300 _a222 с.;
_b21 см.
440 _aСвод этнографических понятий и терминов
_920693
653 _aმატერიალური კულტურა
653 _aეთნოგრაფია
700 _a Арутюнов, С. А.
_eრედაქტორი
_920694
942 _2udc
_cᲬᲘᲒᲜᲘ